Geoffrey Edwin Fletcher v The London Borough of Brent (Record no. 77439)

MARC details
000 -LEADER
fixed length control field 02052cab a2200265 4500
001 - CONTROL NUMBER
control field ##L134303
008 - FIXED-LENGTH DATA ELEMENTS--GENERAL INFORMATION
fixed length control field 060725n2006 000 0 eng u
035 ## - SYSTEM CONTROL NUMBER
System control number (Sirsi) u134303
041 0# - LANGUAGE CODE
Language code of text/sound track or separate title eng
245 00 - TITLE STATEMENT
Title Geoffrey Edwin Fletcher v The London Borough of Brent
260 ## - PUBLICATION, DISTRIBUTION, ETC.
Date of publication, distribution, etc. 2006
520 ## - SUMMARY, ETC.
Summary, etc. [2006] EWCA Civ 960, 7 July 2006. Concerns whether a former tenant was homeless within the Housing Act 1996 s175. Appeal by F against a decision that he was not homeless within s175 of the Act. F and his wife had occupied the property under a secure joint tenancy from B. F's wife left the property to reside in a refuge and F left for a period by an order made in family proceedings. After this was discharged F's wife gave notice to quit and vacated the property. F submitted a homelessness application which B refused on the basis that he had accommodation available to him at the property which was reasonable for him to occupy. A review of B's decision concluded that F was not homeless and this was upheld in the county court. "Held": appeal allowed. The review decision was legally flawed. F was not homeless if he had at the time of the review an entitlement to occupy (s175(1)(a)) or an express or implied licence to occupy (s175(1)(b)). On the evidence it was not possible to determine that F's interest under a licence (if any) meant that he was not homeless. The matter was remitted to the review officer to reconsider his decision.
590 ## - LOCAL NOTE (RLIN)
Local note IKA010806
650 24 - SUBJECT ADDED ENTRY--TOPICAL TERM
Topical term or geographic name entry element FLETCHER V BRENT LBC
650 24 - SUBJECT ADDED ENTRY--TOPICAL TERM
Topical term or geographic name entry element HOUSING ACT 1996 S175
650 24 - SUBJECT ADDED ENTRY--TOPICAL TERM
Topical term or geographic name entry element NOTTING HILL HOUSING TRUST V ROOMUS
650 24 - SUBJECT ADDED ENTRY--TOPICAL TERM
Topical term or geographic name entry element HARROW LBC V QAZI
650 24 - SUBJECT ADDED ENTRY--TOPICAL TERM
Topical term or geographic name entry element HOUSING ACT 1996 S175 (1)(B)
650 24 - SUBJECT ADDED ENTRY--TOPICAL TERM
Topical term or geographic name entry element HOUSING ACT 1996 S175 (1)(A)
650 24 - SUBJECT ADDED ENTRY--TOPICAL TERM
Topical term or geographic name entry element HOUSING ACT 1996 S193
651 #4 - SUBJECT ADDED ENTRY--GEOGRAPHIC NAME
Geographic name England and Wales
Chronological subdivision 1543-
690 ## - LOCAL SUBJECT ADDED ENTRY--TOPICAL TERM (OCLC, RLIN)
Topical term or geographic name as entry element PROPERTY-RESIDENTIAL PROPERTY-RESIDENTIAL LANDLORD AND TENANT-LICENCES TO OCCUPY RESIDENTIAL PROPERTY
856 40 - ELECTRONIC LOCATION AND ACCESS
Uniform Resource Identifier <a href="https://www.bailii.org/ew/cases/EWCA/Civ/2006/960.html">https://www.bailii.org/ew/cases/EWCA/Civ/2006/960.html</a>
Public note View the judgment free of charge at www.bailii.org...
942 ## - ADDED ENTRY ELEMENTS (KOHA)
Suppress in OPAC 0
Holdings
Withdrawn status Lost status Source of classification or shelving scheme Damaged status Not for loan Home library Current library Shelving location Date acquired Total Checkouts Full call number Barcode Date last seen Copy number Price effective from Koha item type
    Dewey Decimal Classification     Virtual Virtual Online 25/07/2006   ONLINE PUBLICATION 134303-2001 06/08/2019 1 06/08/2019 Law report